[Event "Hillerod Byturnering Basis 2 2004"]
[Site "Hillerod"]
[Date "2004.04.27"]
[Round "1"]
[White "Nielsen, Leo"]
[Black "Thrane, Jens"]
[Result "0-1"]
[WhiteElo "1433"]
[BlackElo "1391"]
[PlyCount "140"]
[EventDate "2004.??.??"]

1. d4 Nf6 2. c4 c6 3. b4 d5 4. c5 a5 5. Bd2 axb4 6. Bxb4 Na6 7. Bc3 Ne4 8. f3
Nxc3 9. Nxc3 g6 10. e3 Bg7 11. Bxa6 Rxa6 12. Nge2 e5 13. O-O O-O 14. Na4 Qg5
15. f4 exf4 16. Rxf4 Re8 17. Qb3 Qe7 18. Kf2 Bh6 19. Nb6 Bxf4 20. Nxf4 Bf5 21.
a4 Qe4 22. Nfxd5 cxd5 23. Nxd5 Qc2+ 24. Qxc2 Bxc2 25. Nb4 Be4 26. Nxa6 bxa6 27.
Rc1 Re6 28. Rc3 a5 29. Rb3 Kf8 30. Rb2 Ke7 31. Kg3 Kd7 32. Kf4 h6 33. g4 Bc6
34. h4 Re4+ 35. Kf3 Rxd4+ 36. Kg3 Rxa4 37. h5 g5 38. Rd2+ Ke7 39. Rd6 Bd7 40.
Rxh6 Rxg4+ 41. Kf3 Rh4 42. Ra6 a4 43. h6 f6 44. h7 Rxh7 45. c6 g4+ 46. Kf4 g3
47. Kxg3 Rh3+ 48. Kf2 Be8 49. Ra7+ Kd6 50. c7 Rh2+ 51. Kg3 Rc2 52. Ra6+ Ke5 53.
Ra5+ Ke4 54. Ra6 Kf5 55. Ra5+ Kg6 56. Ra7 Bb5 57. Rb7 Bd7 58. Ra7 Rc4 59. Kf2
f5 60. Ke2 Kf6 61. Ra6+ Ke7 62. Ra7 Kd6 63. Kd3 Rxc7 64. Ra6+ Kd5 65. Ra5+ Rc5
66. Ra7 Bb5+ 67. Kd2 Ke4 68. Re7+ Kf3 69. Re6 Rd5+ 70. Ke1 a3 0-1

[Event "Hillerod Byturnering Basis 2 2004"]
[Site "Hillerod"]
[Date "2004.04.27"]
[Round "1"]
[White "Petersen, Jan (1970)"]
[Black "Jensen, Johannes"]
[Result "1/2-1/2"]
[WhiteElo "1511"]
[BlackElo "1399"]
[PlyCount "55"]
[EventDate "2004.??.??"]

1. e4 e5 2. Nf3 Nc6 3. d4 d6 4. dxe5 Nxe5 5. Nxe5 dxe5 6. Qxd8+ Kxd8 7. Bc4 Nf6
8. Bg5 Be6 9. Bxe6 fxe6 10. Nd2 Bd6 11. O-O-O Ke7 12. Rhe1 Rad8 13. Nf3 Kd7 14.
Nxe5+ Ke7 15. Nf3 e5 16. Nd2 h6 17. Bh4 g5 18. Bg3 b5 19. Nf3 Ke6 20. Nd2 Rhf8
21. f3 Bb4 22. Bf2 a6 23. c3 Be7 24. Nb3 b4 25. Nd2 Nd7 26. Bg3 a5 27. cxb4
axb4 28. Rf1 1/2-1/2

[Event "Hillerod Byturnering Basis 2 2004"]
[Site "Hillerod"]
[Date "2004.04.27"]
[Round "1"]
[White "Rand, Svend Aage"]
[Black "Holm, Henrik"]
[Result "1/2-1/2"]
[WhiteElo "1469"]
[BlackElo "1467"]
[PlyCount "171"]
[EventDate "2004.??.??"]

1. e4 d5 2. exd5 Nf6 3. Bb5+ Bd7 4. Bc4 Bg4 5. f3 Bh5 6. Nc3 a6 7. a4 c6 8.
dxc6 Nxc6 9. d3 e6 10. Be3 Be7 11. Nge2 O-O 12. O-O Rc8 13. Nf4 Qd7 14. Nce2
Bd6 15. Nxh5 Nxh5 16. f4 Nf6 17. h3 Rfd8 18. Qe1 Nb4 19. Qd1 Qc7 20. c3 Nbd5
21. Bxd5 Nxd5 22. Bd2 Qb6+ 23. d4 Nf6 24. b4 Ne4 25. Be1 e5 26. Qd3 Nf6 27.
fxe5 Bxe5 28. Qf3 Bd6 29. Bh4 Be7 30. Bxf6 Bxf6 31. Qf5 Qc6 32. Qf3 Qc7 33. a5
Rf8 34. Qg4 Be7 35. Rf3 Bd6 36. Nf4 Bxf4 37. Qxf4 Qxf4 38. Rxf4 Rxc3 39. Rd1
Rc4 40. Rf5 Rxb4 41. d5 Rb5 42. g4 Rxa5 43. Rb1 g6 44. Rf6 Rxd5 45. Rxb7 Kg7
46. Rxa6 h5 47. gxh5 Rxh5 48. Kg2 Rfh8 49. Ra3 Rf5 50. Kg3 Rhh5 51. h4 Rh8 52.
Ra4 Re8 53. Rb3 Re1 54. Rf3 Rxf3+ 55. Kxf3 Rf1+ 56. Kg2 Rf5 57. Kg3 Re5 58. Kf4
Re7 59. Ra5 f6 60. Rd5 Rf7 61. Kg4 f5+ 62. Kf4 Kh6 63. Rd3 Re7 64. Rh3 Re4+ 65.
Kf3 Kh5 66. Rg3 Rxh4 67. Kf2 Rg4 68. Rh3+ Kg5 69. Rh8 Re4 70. Kf3 Re6 71. Rh1
Kf6 72. Rh6 Kg7 73. Rh1 g5 74. Rg1 Kg6 75. Rh1 Rf6 76. Rh8 g4+ 77. Kf4 Kg7 78.
Rh5 Kg6 79. Rg5+ Kh6 80. Rg8 Kh7 81. Rg5 Rg6 82. Rh5+ Kg7 83. Kxf5 g3 84. Rh1
g2 85. Rg1 Kh6 86. Kf4 1/2-1/2

[Event "Hillerod Byturnering Basis 2 2004"]
[Site "Hillerod"]
[Date "2004.05.04"]
[Round "2"]
[White "Petersen, Jan (1970)"]
[Black "Nielsen, Leo"]
[Result "1-0"]
[WhiteElo "1511"]
[BlackElo "1433"]
[PlyCount "103"]
[EventDate "2004.??.??"]

1. e4 c5 2. Nf3 Nc6 3. d4 cxd4 4. Nxd4 e5 5. Nb5 a6 6. Nd6+ Bxd6 7. Qxd6 Qf6 8.
Qd1 Nge7 9. Be3 O-O 10. Nc3 b5 11. Bc5 Qe6 12. Nd5 Rb8 13. Nxe7+ Nxe7 14. Qd6
Qxd6 15. Bxd6 Nc6 16. Bxb8 Nxb8 17. Be2 Nc6 18. c3 f5 19. exf5 Rxf5 20. O-O Kf7
21. Rad1 h5 22. Bf3 Ke7 23. Bxc6 dxc6 24. Rd2 Be6 25. Rfd1 Bd5 26. f3 h4 27. h3
Ke6 28. b3 Rf4 29. Kf2 Kd6 30. Re1 g5 31. Re3 Ke6 32. g3 Rf5 33. gxh4 gxh4 34.
Rde2 Kd6 35. Rd2 Ke6 36. Ke2 Kd6 37. Rd1 Rg5 38. c4 bxc4 39. bxc4 Rg2+ 40. Kf1
Rxa2 41. cxd5 cxd5 42. Rde1 Rh2 43. Rxe5 Rxh3 44. Re6+ Kd7 45. Rxa6 Rxf3+ 46.
Kg2 Rc3 47. Ree6 Rc5 48. Rh6 Kc7 49. Rh7+ Kb8 50. Rf6 Rc8 51. Rxh4 Rc4 52. Rxc4
1-0

[Event "Hillerod Byturnering Basis 2 2004"]
[Site "Hillerod"]
[Date "2004.05.04"]
[Round "2"]
[White "Jensen, Johannes"]
[Black "Dahl, Sven"]
[Result "0-1"]
[WhiteElo "1399"]
[BlackElo "1519"]
[PlyCount "96"]
[EventDate "2004.??.??"]

1. e4 c5 2. Nf3 d6 3. b3 a6 4. c4 Nc6 5. Bb2 e6 6. Be2 Nf6 7. d3 Be7 8. O-O Qc7
9. Nc3 O-O 10. Rb1 b6 11. Re1 Bb7 12. h3 Rad8 13. Nh2 Rd7 14. Bf3 Rfd8 15. Ng4
h6 16. Ne2 e5 17. Nxf6+ Bxf6 18. Nc3 Nd4 19. Bg4 Re7 20. Ne2 g6 21. Ng3 Bc8 22.
Bf3 Bg7 23. Bxd4 exd4 24. Qd2 Kh7 25. Bd1 Rde8 26. f4 Bf6 27. Bf3 Bh4 28. Kh2
Rg8 29. Rf1 Bf6 30. Kh1 Bd7 31. Rbe1 Bh4 32. Kh2 g5 33. Re2 gxf4 34. Nh5 Bg5
35. Nxf4 d5 36. g3 Qc8 37. g4 Qc7 38. Bg2 Rge8 39. Kh1 Qd6 40. Ref2 dxe4 41.
Bxe4+ Rxe4 42. dxe4 Rxe4 43. Qd3 Bc6 44. Nh5 Kh8 45. Kg1 Be3 46. Re1 Bxf2+ 47.
Kxf2 Qh2+ 48. Kf1 Qh1+ 0-1

[Event "Hillerod Byturnering Basis 2 2004"]
[Site "Hillerod"]
[Date "2004.05.11"]
[Round "3"]
[White "Hvalsoe, Erik"]
[Black "Thrane, Jens"]
[Result "1/2-1/2"]
[WhiteElo "1480"]
[BlackElo "1391"]
[PlyCount "122"]
[EventDate "2004.??.??"]

1. e4 c5 2. b4 cxb4 3. d4 d5 4. e5 Nc6 5. a3 Qb6 6. axb4 Qxd4 7. Qxd4 Nxd4 8.
Bd3 Bf5 9. Bxf5 Nxf5 10. Nf3 e6 11. c3 Nge7 12. Nbd2 a6 13. Nb3 Rc8 14. Bd2 h6
15. O-O g5 16. Ra5 Nc6 17. Ra2 g4 18. Nfd4 Nfe7 19. Re1 Bg7 20. Nc5 Rc7 21.
Ndxe6 fxe6 22. Nxe6 Bxe5 23. Rxe5 Nxe5 24. Nxc7+ Kd7 25. Bf4 N5g6 26. Bg3 Rc8
27. b5 axb5 28. Nxb5 Kc6 29. Na7+ Kc5 30. Nxc8 Nxc8 31. Ra4 h5 32. Kf1 Nce7 33.
Ke1 b5 34. Ra6 Kc4 35. Kd2 d4 36. cxd4 Kxd4 37. Bd6 Nd5 38. Ba3 Ngf4 39. Bb2+
Kc5 40. g3 Nh3 41. Rh6 Nxf2 42. Rxh5 Kc4 43. Re5 Nb4 44. Re8 Nbd3 45. Rc8+ Nc5
46. Kc2 Nfd3 47. Bf6 Ne1+ 48. Kd2 Nf3+ 49. Ke2 Kd5 50. Be7 Ne6 51. Rb8 Ned4+
52. Kd3 Ne5+ 53. Kc3 Nec6 54. Rb7 Ke4 55. Bc5 Ne6 56. Rxb5 Kf3 57. Bd6 Kg2 58.
Rb2+ Kh3 59. Re2 Ng5 60. Kd3 Nf3 61. Bc7 Nxh2 1/2-1/2

[Event "Hillerod Byturnering Basis 2 2004"]
[Site "Hillerod"]
[Date "2004.05.11"]
[Round "3"]
[White "Dahl, Sven"]
[Black "Holm, Henrik"]
[Result "1/2-1/2"]
[WhiteElo "1519"]
[BlackElo "1467"]
[PlyCount "77"]
[EventDate "2004.??.??"]

1. f4 d5 2. Nf3 Nf6 3. e3 e6 4. Be2 c5 5. b3 Nc6 6. Bb2 Bd7 7. O-O Qb6 8. Qe1
d4 9. exd4 Nxd4 10. Nxd4 cxd4 11. d3 Bc6 12. Qf2 Rd8 13. Nd2 Qc5 14. Bd1 Be7
15. a4 Qf5 16. h3 O-O 17. Ba3 Bxa3 18. Rxa3 Qc5 19. Ra2 Nd5 20. Ne4 Qb4 21. g3
a6 22. Qd2 Nc3 23. Nxc3 dxc3 24. Qe3 Rd7 25. Bf3 Bxf3 26. Rxf3 Qd4 27. Qxd4
Rxd4 28. Kf2 Rfd8 29. Ra1 b5 30. axb5 axb5 31. Re3 Kf8 32. Ra5 R8d5 33. Re2 Ke7
34. Re5 Rxe5 35. fxe5 Rd5 36. Ra7+ Ke8 37. Ra8+ Ke7 38. Ra7+ Ke8 39. Ra8+
1/2-1/2

[Event "Hillerod Byturnering Basis 2 2004"]
[Site "Hillerod"]
[Date "2004.05.11"]
[Round "3"]
[White "Rand, Svend Aage"]
[Black "Petersen, Jan (1970)"]
[Result "1-0"]
[WhiteElo "1469"]
[BlackElo "1511"]
[PlyCount "79"]
[EventDate "2004.??.??"]

1. e4 c6 2. Nc3 d5 3. exd5 cxd5 4. d4 e6 5. Nf3 Nc6 6. Bb5 Bd7 7. O-O Bd6 8.
Qe2 Nge7 9. Bg5 Qc7 10. Bxe7 Nxe7 11. Bxd7+ Qxd7 12. Nb5 Bf4 13. c3 a6 14. Na3
O-O 15. Nc2 Ng6 16. Nce1 Rac8 17. Nd3 Rc7 18. Nxf4 Nxf4 19. Qe3 Ng6 20. Rfe1 b5
21. Nd2 Rfc8 22. Nb3 Qc6 23. Nc5 Nf8 24. b4 Nd7 25. a3 Ra8 26. Qg5 Rca7 27. Ra2
Nb6 28. Re3 Nc4 29. Rg3 g6 30. Qh6 a5 31. Rh3 f6 32. Re2 axb4 33. Rxe6 Rxa3 34.
g4 Qc7 35. cxb4 Rxh3 36. Qxh3 Qf7 37. Qf3 Ra1+ 38. Kg2 Ra3 39. Qxd5 Qc7 40.
Re7+ 1-0

[Event "Hillerod Byturnering Basis 2 2004"]
[Site "Hillerod"]
[Date "2004.05.18"]
[Round "4"]
[White "Nielsen, Leo"]
[Black "Rand, Svend Aage"]
[Result "1/2-1/2"]
[WhiteElo "1433"]
[BlackElo "1469"]
[PlyCount "65"]
[EventDate "2004.??.??"]

1. d4 d5 2. c4 Bf5 3. cxd5 Qxd5 4. Nc3 Qd7 5. Nf3 f6 6. Bf4 c6 7. e3 Bg4 8. h3
Bh5 9. d5 e5 10. Bh2 Bb4 11. g4 Bf7 12. e4 cxd5 13. exd5 Bxd5 14. Be2 Ne7 15.
O-O Bxc3 16. bxc3 O-O 17. c4 Bc6 18. Qb3 Kh8 19. Rad1 Qe6 20. Rd2 Na6 21. Rfd1
Qg8 22. Nh4 Rfd8 23. Qe3 b6 24. g5 Rxd2 25. Rxd2 Rd8 26. Rxd8 Qxd8 27. gxf6
gxf6 28. Bxe5 Ng8 29. Bc3 Nc5 30. Bf3 Bxf3 31. Qxf3 Ne6 32. Qf5 Ng7 33. Qf3
1/2-1/2

[Event "Hillerod Byturnering Basis 2 2004"]
[Site "Hillerod"]
[Date "2004.05.18"]
[Round "4"]
[White "Thrane, Jens"]
[Black "Dahl, Sven"]
[Result "0-1"]
[WhiteElo "1391"]
[BlackElo "1519"]
[PlyCount "140"]
[EventDate "2004.??.??"]

1. d4 d5 2. c4 e6 3. a3 f5 4. e3 Nf6 5. Nc3 c6 6. Nh3 Bd6 7. f3 O-O 8. b4 a6 9.
Nf2 b5 10. c5 Bc7 11. a4 Bb7 12. f4 Nbd7 13. a5 Ne4 14. Ncxe4 dxe4 15. h4 Nf6
16. g4 g6 17. Be2 Qe8 18. h5 Nd5 19. Qb3 Bd8 20. hxg6 hxg6 21. Nd1 Kg7 22. gxf5
exf5 23. Nc3 Rh8 24. Rf1 Bc8 25. Nxd5 Be6 26. Bb2 Bxd5 27. Qc3 Bf6 28. O-O-O
Qf7 29. Rf2 Rh6 30. Rg1 Rah8 31. Rfg2 Rh1 32. Qe1 Rxg1 33. Rxg1 Bh4 34. Qc3 Bf2
35. Rf1 Bh4 36. Kb1 Bf6 37. Bc1 Rh2 38. Bd1 Ba2+ 39. Ka1 Bc4 40. Bb2 Bxf1 41.
Bb3 Bc4 42. Bxc4 Rh1+ 43. Bc1 Qxc4 44. Qxc4 bxc4 45. Kb2 c3+ 46. Kc2 g5 47.
fxg5 Bxg5 48. b5 axb5 49. a6 Rh2+ 50. Kxc3 Ra2 51. d5 cxd5 52. Kd4 Rxa6 53.
Kxd5 Be7 54. Bb2+ Kg6 55. Be5 b4 56. c6 Ra5+ 57. Ke6 Rxe5+ 58. Kxe5 Bd8 59. Kd4
Kf6 60. Kc4 b3 61. Kxb3 Ke5 62. Kc4 Kd6 63. Kb5 Bc7 64. Kc4 Kxc6 65. Kc3 Kc5
66. Kd2 Kc4 67. Kc2 Ba5 68. Kd1 Kd3 69. Kc1 Kxe3 70. Kd1 Kf2 0-1

[Event "Hillerod Byturnering Basis 2 2004"]
[Site "Hillerod"]
[Date "2004.05.18"]
[Round "4"]
[White "Jensen, Johannes"]
[Black "Holm, Henrik"]
[Result "0-1"]
[WhiteElo "1399"]
[BlackElo "1467"]
[PlyCount "152"]
[EventDate "2004.??.??"]

1. e4 d5 2. e5 e6 3. d4 c5 4. Nf3 Nc6 5. Bb5 Nge7 6. c3 a6 7. Bxc6+ Nxc6 8. O-O
Qb6 9. b3 Be7 10. Be3 O-O 11. Qc2 cxd4 12. cxd4 Bd7 13. Qe2 Rfc8 14. Rc1 Qd8
15. Nc3 b5 16. h3 Ra7 17. Rc2 Rac7 18. Nd1 Nxe5 19. Rxc7 Nxf3+ 20. Qxf3 Rxc7
21. Bd2 Qc8 22. Bf4 Rc6 23. Qe3 b4 24. Rc1 Rxc1 25. Qxc1 Qxc1 26. Bxc1 Bb5 27.
Nb2 Bf6 28. Be3 Kf8 29. f4 h6 30. g3 g5 31. Kf2 gxf4 32. gxf4 Kg7 33. Kg3 Kg6
34. Bf2 Kf5 35. Kf3 Be7 36. Bg3 Bf1 37. h4 Bb5 38. Bf2 Bd6 39. Be1 a5 40. Bd2
Bc7 41. Be3 Kg6 42. Bf2 Kh5 43. Ke3 Kg4 44. Nd3 Bxd3 45. Kxd3 Bxf4 46. Ke2 h5
47. Kf1 f5 48. Kg2 Bd6 49. Be1 Be7 50. Bd2 Bxh4 51. Bh6 Bf6 52. Be3 Bg5 53. Bg1
f4 54. Kf1 Kf3 55. Ke1 Ke4 56. Kf1 Bf6 57. Kg2 Bxd4 58. Bh2 f3+ 59. Kf1 e5 60.
Bg3 Ke3 61. Bh4 Bb6 62. Bf2+ Kd3 63. Bxb6 e4 64. Bxa5 Kc3 65. Kf2 d4 66. a3
Kxb3 67. Bxb4 h4 68. Bc5 d3 69. Ke3 h3 70. Bd6 Ka4 71. Bf4 Kxa3 72. Kf2 Kb3 73.
Kg3 Kc2 74. Kxh3 d2 75. Bxd2 Kxd2 76. Kg3 e3 0-1

[Event "Hillerod Byturnering Basis 2 2004"]
[Site "Hillerod"]
[Date "2004.05.18"]
[Round "4"]
[White "Petersen, Jan (1970)"]
[Black "Hvalsoe, Erik"]
[Result "1-0"]
[WhiteElo "1511"]
[BlackElo "1480"]
[PlyCount "69"]
[EventDate "2004.??.??"]

1. e4 e5 2. Nf3 Nc6 3. d4 Nxd4 4. Nxd4 exd4 5. Qxd4 d6 6. Bc4 Qf6 7. Be3 Be7 8.
Nc3 Qxd4 9. Bxd4 Bf6 10. Rd1 Be6 11. Nd5 Bxd5 12. Bxd5 Bxd4 13. Rxd4 c6 14. Bb3
Rd8 15. Ke2 Ne7 16. Rhd1 Nc8 17. e5 d5 18. c4 O-O 19. cxd5 cxd5 20. Rxd5 Rxd5
21. Rxd5 Ne7 22. Rd7 Nc6 23. Rxb7 Nd4+ 24. Kd3 Nxb3 25. Rxb3 Rd8+ 26. Ke2 g5
27. g3 Kg7 28. Rd3 Re8 29. f4 gxf4 30. gxf4 Kg6 31. Rd7 a6 32. Rd6+ Kf5 33. Kf3
Re6 34. Rxe6 fxe6 35. b4 1-0

[Event "Hillerod Byturnering Basis 2 2004"]
[Site "Hillerod"]
[Date "2004.05.25"]
[Round "5"]
[White "Holm, Henrik"]
[Black "Thrane, Jens"]
[Result "1/2-1/2"]
[WhiteElo "1467"]
[BlackElo "1391"]
[PlyCount "79"]
[EventDate "2004.??.??"]

1. e4 c5 2. Nc3 d6 3. f4 Nc6 4. Nf3 g6 5. Bb5 Bg7 6. O-O e6 7. d4 cxd4 8. Nxd4
Qc7 9. Nce2 a6 10. Ba4 Nge7 11. c3 O-O 12. Bc2 b5 13. a3 Bb7 14. Be3 Rfd8 15.
f5 e5 16. Nxc6 Nxc6 17. f6 Bh8 18. Ng3 Na5 19. Qg4 Bc8 20. Qg5 Nc4 21. Bc1 d5
22. Nf5 Bxf5 23. exf5 Qb6+ 24. Kh1 Bxf6 25. Qg3 Bg7 26. fxg6 hxg6 27. a4 b4 28.
b3 Nd6 29. Be3 Qc6 30. Bxg6 fxg6 31. Qxg6 Qxc3 32. Qe6+ Kh8 33. Qh3+ Kg8 34.
Qe6+ Kh7 35. Qh3+ Kg6 36. Qe6+ Kh7 37. Qh3+ Kg6 38. Qe6+ Kh5 39. Qh3+ Kg6 40.
Qe6+ 1/2-1/2

[Event "Hillerod Byturnering Basis 2 2004"]
[Site "Hillerod"]
[Date "2004.05.25"]
[Round "5"]
[White "Dahl, Sven"]
[Black "Petersen, Jan (1970)"]
[Result "1-0"]
[WhiteElo "1519"]
[BlackElo "1511"]
[PlyCount "59"]
[EventDate "2004.??.??"]

1. f4 d5 2. Nf3 e6 3. e3 c5 4. b3 Nf6 5. Bb2 g6 6. Be2 Nc6 7. O-O Bg7 8. Qe1
O-O 9. Bd1 Ne4 10. Bxg7 Kxg7 11. d3 Nf6 12. Nbd2 b6 13. Ne5 Bb7 14. Rf3 Nd7 15.
Nxd7 Qxd7 16. Rh3 Qe7 17. a3 Rae8 18. Qg3 Qf6 19. Rb1 e5 20. f5 Qxf5 21. Rh5
Qf6 22. Rh4 Bc8 23. Nf3 Ne7 24. Ng5 h6 25. Rxh6 Rh8 26. Rxh8 Rxh8 27. e4 d4 28.
Be2 Nc6 29. Rf1 Qd8 30. Nxf7 1-0

[Event "Hillerod Byturnering Basis 2 2004"]
[Site "Hillerod"]
[Date "2004.06.08"]
[Round "7"]
[White "Thrane, Jens"]
[Black "Petersen, Jan (1970)"]
[Result "1/2-1/2"]
[WhiteElo "1391"]
[BlackElo "1511"]
[PlyCount "47"]
[EventDate "2004.??.??"]

1. e4 c6 2. d4 d5 3. f3 e6 4. a3 g6 5. e5 Bg7 6. f4 Ne7 7. Be3 Nd7 8. Nd2 Nf5
9. Bf2 Qb6 10. Nb3 O-O 11. g4 Ne7 12. h4 f6 13. h5 fxe5 14. dxe5 Qd8 15. Qd2
gxh5 16. Rxh5 Ng6 17. Bd3 Nxf4 18. Bxh7+ Kh8 19. Rh2 Nxe5 20. Bf5+ Kg8 21. Bh7+
Kh8 22. Bf5+ Kg8 23. Bh7+ Kh8 24. Bf5+ 1/2-1/2

[Event "Hillerod Byturnering Basis 2 2004"]
[Site "Hillerod"]
[Date "2004.06.08"]
[Round "7"]
[White "Dahl, Sven"]
[Black "Rand, Svend Aage"]
[Result "1/2-1/2"]
[WhiteElo "1519"]
[BlackElo "1469"]
[PlyCount "63"]
[EventDate "2004.??.??"]

1. f4 d5 2. Nf3 Nc6 3. e3 Bg4 4. Be2 Nf6 5. b3 e6 6. Bb2 Be7 7. O-O O-O 8. Qe1
Nb4 9. Bd1 Bf5 10. d3 c5 11. a3 Nc6 12. Nbd2 Nd7 13. Ne5 Ncxe5 14. fxe5 Qc7 15.
g4 Bg6 16. Nf3 h6 17. Qg3 Qd8 18. Be2 Bg5 19. Nxg5 Qxg5 20. h4 Qd8 21. Rf2 Qc7
22. h5 Bh7 23. g5 hxg5 24. Qxg5 Qd8 25. Qg3 Kh8 26. Raf1 Qe7 27. Rg2 Rg8 28.
Rf4 b5 29. Rg4 Qf8 30. Qh4 Qd8 31. Qg3 Qf8 32. Bf3 1/2-1/2

[Event "Hillerod Byturnering Basis 2 2004"]
[Site "Hillerod"]
[Date "2004.06.08"]
[Round "7"]
[White "Hvalsoe, Erik"]
[Black "Jensen, Johannes"]
[Result "1-0"]
[WhiteElo "1480"]
[BlackElo "1399"]
[PlyCount "67"]
[EventDate "2004.??.??"]

1. e4 e5 2. Nf3 Nc6 3. Bc4 Bc5 4. c3 a6 5. d4 exd4 6. cxd4 Bb4+ 7. Nc3 d6 8.
O-O Nge7 9. a3 Bxc3 10. bxc3 Bg4 11. Bxf7+ Kd7 12. Bc4 Na5 13. Be2 Kc8 14. Rb1
Ng6 15. h3 Bxf3 16. Bxf3 Kb8 17. Qa4 c6 18. Bd2 b5 19. c4 Nb7 20. Qb3 Qb6 21.
Bc3 Kc7 22. Rfd1 Rhe8 23. a4 Na5 24. c5 Nxb3 25. cxb6+ Kxb6 26. Rxb3 Nf4 27.
a5+ Kc7 28. Bd2 Ne6 29. Be3 Rad8 30. Rc1 Nf8 31. e5 d5 32. Rbc3 Re6 33. Bg4 Rg6
34. Bf5 1-0